000 00417nam a2200145Ia 4500
008 231129s2006||||xx |||||||||||||| ||spa||
020 _a958-8226-82-1
040 _bspa
082 _a371.12 C169p
100 _aCalvo Gloria
245 0 _aPolí­tica educativa equidad y formación docente
260 _c2006
264 _aUniversidad Pedagógica Nacional
942 _2ddc
_cBKS
999 _c23013
_d23013